000 00693nam a2200217 i 4500
001 188766
003 ES-MaACL
005 20250828004914.0
007 t|
008 190213s1971 sp ||||1| spa d
100 0 _aPougatch-Zalcman, Lena.
_993425
245 1 3 _aLos niños de Vilna
_b: una experiencia pedagógica /
_cLena Pougatch-Zalcman ; [versión de Ramiro Gual].
260 _aBarcelona :
_bNova Terra,
_c[1971]
300 _a186 p. ;
_c20 cm.
490 1 _aColección "Navidad" ;
_v38
650 0 7 _aPedagogía
_2embne
_915904
700 0 _aGual, Ramiro.
_960284
830 0 _aColección "Navidad" ;
_v38
_9181795
852 _aES-MaACL
_jP-474-Ter-36
999 _c188766
_d188766